| 000 | 04026nam0a2200373 4500 | ||
|---|---|---|---|
| 001 | RU\NLR\BIBL_A\012854878 | ||
| 005 | 20250624183523.0 | ||
| 010 |
_a978-5-907586-00-0 _9500 |
||
| 021 |
_aRU _b2022-28233 _9КН-П-2422 |
||
| 035 | _a(RuMoRGB)011062055 | ||
| 035 | _a(NLR Aleph) 012854878 | ||
| 090 |
_a12439237 _c12439237 |
||
| 100 | _a20220727d2022 |||y0rusy50 ca | ||
| 101 | 0 | _arus | |
| 102 | _aRU | ||
| 105 | _aa j 000zy | ||
| 181 | 0 |
_ai3 _baxxe |
|
| 182 | 0 | _an | |
| 200 | 1 |
_aИнвестиционное обеспечение развития сферы жилищно-коммунального хозяйства _eучебное пособие _eдля студентов всех форм обучения по направлению: 08.03.01 "Строительство" Профиль "Экспертиза и управление недвижимость"; 08.04.01 "Строительство" Программа "Теория и практика организационно-технологических и экономических решений"; 08.04.01 "Строительство" Программа "Судебная строительно-техническая и стоимостная экспертиза объектов недвижимости" _fО. К. Мещерякова, Л. П. Мышовская, М. А. Мещерякова |
|
| 203 |
_aТекст _bвизуальный _cнепосредственный |
||
| 210 |
_aКурск _cУниверситетская книга _d2022 |
||
| 215 |
_a67 с. _cил. _d21 |
||
| 320 | _aБиблиогр.: с. 61-64 (26 назв.) и в подстроч. примеч. | ||
| 330 | _aВ учебном пособии представлен глубокий, многосторонний теоретический материал, закрепленный контрольными вопросами по рассматриваемым темам источников, механизмов, программ финансового обеспечения развития сферы жилищно-коммунального хозяйства. Учебное пособие подготовлено для студентов всех форм обучения по направлению: 08.03.01 "Строительство" Профиль "Экспертиза и управление недвижимость"; 08.04.01 "Строительство" Программа "Теория и практика организационно-технологических и экономических решений"; 08.04.01 "Строительство" Программа "Судебная строительно-техническая и стоимостная экспертиза объектов недвижимости". Пособие может быть использовано специалистами, практиками, занимающимися вопросами финансирования, кредитования в отрасли строительства и жилищно-коммунального хозяйства | ||
| 606 | 1 |
_aЖилищное хозяйство _jУчебные издания для высших учебных заведений _xИнвестиции капитала _yРоссийская Федерация _92536916 _3RU\NLR\AUTH\661502265 |
|
| 606 | 1 |
_aКоммунальное хозяйство _jУчебные издания для высших учебных заведений _xИнвестиции капитала _yРоссийская Федерация _92607888 _3RU\NLR\AUTH\661544446 |
|
| 686 | 1 | _aУ44(2)1-56(2Р)я73 | |
| 700 | 1 |
_aМещерякова _bО. К. _gОльга Константиновна |
|
| 701 | 1 |
_aМышовская _bЛ. П. _gЛюдмила Петровна |
|
| 701 | 1 |
_aМещерякова _bМ. А. _gМария Александровна |
|
| 942 | _cBOOK | ||
| 980 | _aNB | ||